000 01261nam0a2200325 4500
001 RU\NLR\bibl\47579
005 20250616082846.0
010 _a5-900614-85-9
_9500
021 _aRU
_b99-24208
_91177
035 _a(NLR Aleph) 000046419
090 _a246187
_c246187
100 _a19990916d1998 |||y0rusy50 ca
101 1 _arus
_ceng
102 _aRU
105 _aa |||||||||
200 1 _aСервер Oracle8
_eРаспредел. базы данных
_eУчет. номер А 58247-01
_f[Пер. с англ. М. Сокольников, П. Питухин
_gРед. А. Криушин]
205 _aВерсия 8.0
210 _aПротвино
_cЗАО РДТЕХ
_d1998
215 _aРазд. паг.
_d23
320 _aПредм. указ. в конце кн.
606 0 _aВычислительные системы
_xБанки данных
_xУправление
_91319895
_3RU\NLR\auth\66232331
606 0 _aORACLE 8.0, система управления базами данных
_92081621
_3RU\NLR\auth\661257609
686 _aЗ988.02-018.2
702 1 _aКриушин
_bА.
_4340
801 0 _aRU
_bNLR
_c19990916
_gPSBO
801 1 _aRU
_bNLR
_c19990916
852 _aNLR
_j99-7/1556
942 _cBOOK
980 _aNB